000 nam a22 7a 4500
999 _c8279
_d8279
008 171213b xxu||||| |||| 00| 0 eng d
100 _aSwenson.V.
_94700
245 _aTrees and How they Grow
260 _aUSA
_bWiconsin
_c1961